000 00437nam a2200157 a 4500
001 000031762
005 20200930063148.0
008 110701s1988 dr 000 0 spa d
040 _aDO-SdBNP
_bspa
_cBNPHU
245 0 3 _aLa evaluación o avalúo de las casas.
260 _aSanto Domingo :
_bCOPADEBA,
_c1988
_fEditora Amigo del Hogar
300 _a22 p. ;
_c22 cm.
490 1 _aManual
_v3
830 0 _aManual
_v3
_957996
049 _aBNPD
999 _c31254
_d31254